000 00313nam a22001217a 4500
008 230703b xxu||||| |||| 00| 0 eng d
082 _a348.
_bCLB 1989
245 _aCommonwealth Law Bulletin
260 _bCommonwealth Secretariat
_c1989
300 _aXL,1329p
440 _n3 and 4
_v22
_x03050718
942 _2ddc
_cBK
999 _c3153
_d3153